Advanced beginer's English reader

保存先:
書誌詳細
フォーマット: 図書
出版事項: 2001
タグ: タグ追加
タグなし, このレコードへの初めてのタグを付けませんか!
Thư viện lưu trữ: Mạng thư viện Đại học Đà Nẵng
LEADER 00444nam a22001811a 4500
001 000037833
003 14128
005 20160412021149.0
008 160412s2001 000
082 |a 4A(07)1274-76 
245 |a Advanced beginer's English reader  |c Mc Graw Hill 
260 |c 2001 
OWN |a LNN 
999 |a From the UDN01 
TYP |a Monograph 
980 |a Mạng thư viện Đại học Đà Nẵng